banner-ar

الحلقة البحثية: الرعاية النهارية لطفل ما قبل المدرسة فى المجتمع(منظور جديد)3.2 يوليو1991 القاهرة / (Record no. 56056)

MARC details
000 -الفاتح
حقل البيانات ثابتة الطول 00954nam a2200229Ia 4500
008 - عناصر البيانات ثابتة الطول - معلومات عامة
حقل البيانات ثابتة الطول 140319s9999 xx 000 0 ara d
040 ## - مصدر الفهرسة
وكالة الفهرسة الأصلية GCL /
وكالة النسخ GCL
082 04 - رقم تصنيف ديوى العشرى
رقم التصنيف 370.7122
رقم المادة م ح
100 1# - المدخل الرئيسى - إسم شخصى
الإسم الشخصى المجلس العربى للطفولة والتنمية
245 10 - بيان العنوان
العنوان الحلقة البحثية: الرعاية النهارية لطفل ما قبل المدرسة فى المجتمع(منظور جديد)3.2 يوليو1991 القاهرة /
بيان المسئوليه,etc المجلس العربى للطفولة والتنمية
700 1# - المدخل الاضافى - اسم شخصى
الإسم الشخصى معهد التنمية الادارية بالجامعة
700 1# - المدخل الاضافى - اسم شخصى
الإسم الشخصى مركز المساندة الدولى- مؤسسة ها
260 ## - PUBLICATION, DISTRIBUTION, ETC. (IMPRINT)
تاريخ النشر أو التوزيع 1991
300 ## - الوصف المادى
التعداد 95 ص
490 ## - بيان السلسلة
عنوان السلسلة
650 04 - المدخل الاضافى بالموضوع-مصطلح موضوعى
مصطلح موضوعي المجتمع
650 04 - المدخل الاضافى بالموضوع-مصطلح موضوعى
مصطلح موضوعي الاطفال
650 04 - المدخل الاضافى بالموضوع-مصطلح موضوعى
مصطلح موضوعي رعاية الطفل
650 04 - المدخل الاضافى بالموضوع-مصطلح موضوعى
مصطلح موضوعي العناية الصحية
942 ## - عناصر المدخل الإضافي( كوها)
مصدر التصنيف او مخطط الترفيف Dewey Decimal Classification
Koha [default] item type كتاب
260 ## - PUBLICATION, DISTRIBUTION, ETC. (IMPRINT)
-- [S.N] :
-- المجلس العربى للطفولة والتنمية ،
Holdings
حالة التراجع حالة الفقد حالة تلف ليس للاعارة المكان المؤقت الموقع الحالى تاريخ الاكتساب اجمالي اﻻعارات رقم الطلب الباركود تاريخ اخر مشاهدة تاريخ تفعيل السعر نوع وعاء كوها
        مكتبة القاهرة الكبرى مكتبة القاهرة الكبرى 03/26/2014   370.7122\م ح 134448 03/26/2014 03/26/2014 كتاب

Powered By

EGPV